LEADER 00937nam a2200217 i 4500 001 000000224554 003 CaOOAMICUS 005 20131105000000.0 008 131105s1927 it u000 u lat u 013 $a203452 040 $aSeMil$bita 100 1 $aFonck, Leopold,$c.$0(OLS)http://semarc/name/13482 245 10$aMysteria selecta Vitae Christi :$bcompendio exposita in usum privatum auditorum /$cLeopoldus Fonck. 260 $aRoma :$bPontificium Institutum Biblicum,$c1927. 300 $a236 p. ;$c25 cm. 500 $aCiclostilato. 650 4$aGesł Cristo - Vita.$0(OLS)http://semarc/subject/415 850 $aSeMil 852 $aSeMil$W1$xVenegono$y1$m2V V 96$j174900$B174900$CSeMilBibl$Z2$F184901 $81 996 $6245$aMysteria selecta Vitae Christi :$bcompendio exposita in usum privatum auditorum$9(OLS)http://semarc/title/321817 996 $6260$aRoma :$bPontificium Institutum Biblicum$9(OLS)http://semarc/publisher/31882 LEADER 01093nam a2200253 i 4500 001 000000046016 003 CaOOAMICUS 005 20250319152309.0 008 110215s1974 it u000 u ita u 040 $aSeMil$bita 245 02$aI musei in Lombardia :$bsintesi di una indagine /$ca cura di Vittorio Bartoli. 264 1$aMilano :$bRegione Lombardia,$c1974. 300 $a135 p. :$bill. ;$c20 cm. 490 1 $aQuaderni di documentazione regionale ;$v13 650 4$aLombardia - Musei.$0(OLS)http://semarc/subject/30487 650 4$aLombardia - Cultura.$0(OLS)http://semarc/subject/6687 700 1 $aBartoli, Vittorio.$0(OLS)http://semarc/name/22887 830 0$aQuaderni di documentazione regionale ;$v13.$0(OLS)http://semarc/title/352 850 $aSeMil 852 $aSeMil$W1$xVenegono$y1$m3M I 367$j255341$B12171$CSeMilBibl$Z2$F12171 $81 961 $aOmaggio: Donazione 996 $6245$aI musei in Lombardia :$bsintesi di una indagine$9(OLS)http://semarc/title/68639 996 $6264$aMilano :$bRegione Lombardia$9(OLS)http://semarc/publisher/30334